[Event "Rottach Egern Seniors Cup 13th"]
[Site "Rottach Egern"]
[Date "2025.04.04"]
[Round "7"]
[White "Pollmann, Sascha"]
[Black "Kolthoff, Siegmund"]
[Result "1/2-1/2"]
[WhiteElo "2071"]
[BlackElo "2121"]
[PlyCount "49"]
[EventDate "2025.03.29"]
[EventType "swiss"]
[EventRounds "9"]
[EventCountry "GER"]
[SourceTitle "CB16_2025"]
[SourceDate "2025.04.16"]
[SourceVersion "1"]
[SourceVersionDate "2025.04.16"]
[SourceQuality "1"]

1. Nf3 d5 2. g3 c6 3. Bg2 Bg4 4. d4 Nd7 5. h3 Bh5 6. c4 e6 7. 0-0 Ngf6 8. cxd5 exd5 9. Qb3 Qb6 10. Qe3+ Be7 11. Nh4 Bg6 12. Nc3 Qd8 13. Nxg6 hxg6 14. Qd3 0-0 15. h4 Re8 16. Bg5 Nf8 17. Rad1 Ne6 18. Bc1 Bb4 19. a3 Ba5 20. b4 Bc7 21. e4 dxe4 22. Nxe4 Bb6 23. Nc5 Bxc5 24. dxc5 Qxd3 25. Rxd3 1/2-1/2

[Event "Rhein Main op-A 25th"]
[Site "Bad Homburg"]
[Date "2023.06.08"]
[Round "3"]
[White "Karaissaridis, Christos"]
[Black "Kolthoff, Siegmund"]
[Result "0-1"]
[WhiteElo "1895"]
[BlackElo "2060"]
[PlyCount "48"]
[EventDate "2023.06.07"]
[EventType "swiss"]
[EventRounds "7"]
[EventCountry "GER"]
[SourceTitle "CBM 215 Extra"]
[Source "ChessBase"]
[SourceDate "2023.09.30"]
[SourceVersion "1"]
[SourceVersionDate "2023.09.30"]
[SourceQuality "1"]

1. g3 d5 2. Nf3 c6 3. Bg2 Bf5 4. d3 Nf6 5. 0-0 e6 6. Nc3 Nbd7 7. Re1 Bb4 8. a3 Ba5 9. b4 Bb6 10. e4 Bg6 11. e5 Ng8 12. Bg5 Ne7 13. Nh4 Qb8 14. Nxg6 hxg6 15. d4 Nf5 16. Ne2 Bd8 17. Bc1 a5 18. Bd2 0-0 19. c3 Nb6 20. Bf1 Nc4 21. Qc2 Be7 22. Bf4 Qd8 23. Reb1 axb4 24. axb4 Na3 0-1

[Event "Werther Schloss op 26th"]
[Site "Werther"]
[Date "2023.04.01"]
[Round "5"]
[White "Brunke, Pascal"]
[Black "Kolthoff, Siegmund"]
[Result "1/2-1/2"]
[WhiteElo "2157"]
[BlackElo "2066"]
[PlyCount "177"]
[EventDate "2023.03.30"]
[EventType "swiss"]
[EventRounds "7"]
[EventCountry "GER"]
[SourceTitle "CBM 213 Extra"]
[Source "ChessBase"]
[SourceDate "2023.05.31"]
[SourceVersion "1"]
[SourceVersionDate "2023.05.31"]
[SourceQuality "1"]

1. e4 c5 2. c3 Nf6 3. e5 Nd5 4. Nf3 Nc6 5. d4 cxd4 6. Bc4 e6 7. cxd4 d6 8. 0-0 Be7 9. Qe2 Nb6 10. Bb3 dxe5 11. dxe5 Bd7 12. Nc3 Na5 13. Bc2 Bc6 14. Rd1 Qb8 15. Bf4 Nd5 16. Nxd5 Bxd5 17. Ng5 Bxg5 18. Bxg5 Nc6 19. Bf4 Ne7 20. Rac1 Ng6 21. Ba4+ Bc6 22. Rxc6 bxc6 23. Bxc6+ Kf8 24. Be3 Kg8 25. Bxa8 Qxa8 26. Qd3 h6 27. Qd8+ Kh7 28. Qxa8 Rxa8 29. Rd7 Nxe5 30. Rxa7 Rd8 31. h3 Rd1+ 32. Kh2 f5 33. b4 Nc4 34. Rc7 Nxe3 35. fxe3 Ra1 36. Ra7 Rb1 37. a3 Rb3 38. Ra5 Rxe3 39. a4 Rb3 40. Rb5 Ra3 41. a5 Ra4 42. Rb6 e5 43. a6 f4 44. b5 e4 45. Rb7 e3 46. a7 e2 47. Re7 Rxa7 48. Rxe2 Rb7 49. Rb2 Rb6 50. Kg1 Kg6 51. Kf2 Kf5 52. Ke2 Ke5 53. Kd3 Kd5 54. h4 g5 55. hxg5 hxg5 56. Rb1 g4 57. Rb4 f3 58. Rxg4 fxg2 59. Rg5+ Kd6 60. Kc4 Kc7 61. Rg7+ Kb8 62. Rg8+ Kb7 63. Rg7+ Kb8 64. Rxg2 Rh6 65. Kb4 Kb7 66. Ka5 Rf6 67. Rg7+ Kb8 68. Rd7 Rh6 69. Kb4 Kc8 70. Rd5 Kb7 71. Kc5 Rh7 72. Rg5 Rf7 73. Rg6 Rf5+ 74. Kb4 Rh5 75. Ka5 Rh7 76. Ra6 Rh5 77. Rb6+ Ka7 78. Rd6 Rh7 79. Kb4 Kb7 80. Kc5 Rg7 81. Rb6+ Kc7 82. Ra6 Rg5+ 83. Kb4 Kb7 84. Rc6 Rh5 85. Rc5 Rh7 86. Ka5 Rg7 87. b6 Rh7 88. Kb5 Rg7 89. Rc7+ 1/2-1/2

[Event "Rhein Main op-A 24th"]
[Site "Bad Homburg"]
[Date "2022.06.16"]
[Round "2"]
[White "Lesny, Florian"]
[Black "Kolthoff, Siegmund"]
[Result "1-0"]
[WhiteElo "2221"]
[BlackElo "2023"]
[PlyCount "145"]
[EventDate "2022.06.15"]
[EventType "swiss"]
[EventRounds "7"]
[EventCountry "GER"]
[SourceTitle "EXT 2023"]
[Source "ChessBase"]
[SourceDate "2022.10.05"]
[SourceVersion "1"]
[SourceVersionDate "2022.10.05"]
[SourceQuality "1"]

1. e4 e5 2. Nf3 Nc6 3. Bc4 Bc5 4. 0-0 Nf6 5. d3 0-0 6. c3 d6 7. a4 a5 8. Re1 h6 9. h3 Re8 10. Nbd2 Be6 11. Bb5 Bd7 12. Nf1 Ba7 13. Ng3 Ne7 14. Bxd7 Qxd7 15. d4 Nc6 16. d5 Ne7 17. Nh4 c6 18. c4 cxd5 19. cxd5 Rec8 20. Qf3 Rc2 21. Re2 Rxe2 22. Nxe2 Kh7 23. Nc3 Rc8 24. Be3 Bxe3 25. Qxe3 Rc4 26. Re1 Rb4 27. Rb1 Kg8 28. Nf3 Ng6 29. Ne1 Nf4 30. Kh2 g5 31. b3 Rd4 32. f3 h5 33. Nb5 Rb4 34. Nc2 Rxb5 35. axb5 h4 36. Na3 N6h5 37. Qf2 Nd3 38. Qf1 Nhf4 39. b6 f5 40. exf5 Qxf5 41. Nc4 Nh5 42. Kg1 Ng3 43. Qd1 e4 44. fxe4 Qf2+ 45. Kh2 Nf4 46. Qf3 Qc2 47. Re1 Nd3 48. Rd1 Nf2 49. Ne3 Qb2 50. Re1 Nd3 51. Nc4 Qc2 52. Na3 Qxb3 53. Rd1 Qxa3 54. Qxd3 Qxd3 55. Rxd3 Nxe4 56. Ra3 Kf7 57. Ra4 Nc5 58. Rxa5 Kf6 59. g3 Ke5 60. gxh4 gxh4 61. Ra8 Kxd5 62. Rh8 Nd7 63. Rxh4 Nxb6 64. Rb4 Kc5 65. Rb1 Kc6 66. Rxb6+ Kxb6 67. h4 d5 68. Kg2 Kc5 69. h5 d4 70. h6 d3 71. Kf2 Kc4 72. Ke1 Kc3 73. Kd1 1-0

[Event "GER Seniors Derby 18th"]
[Site "Wesel Undeloh"]
[Date "2019.03.28"]
[Round "2"]
[White "Eisner, Ernst"]
[Black "Kolthoff, Siegmund"]
[Result "0-1"]
[WhiteElo "1919"]
[BlackElo "2032"]
[PlyCount "50"]
[EventDate "2019.03.28"]
[EventType "swiss"]
[EventRounds "7"]
[EventCountry "GER"]
[SourceTitle "EXT 2020"]
[Source "ChessBase"]
[SourceDate "2019.10.17"]
[SourceVersion "1"]
[SourceVersionDate "2019.10.17"]
[SourceQuality "1"]

1. d4 Nf6 2. Bf4 e6 3. Nf3 c5 4. e3 cxd4 5. exd4 b6 6. Bd3 Bb7 7. 0-0 Be7 8. Nbd2 0-0 9. Qe2 d6 10. c3 Nbd7 11. a4 a6 12. h3 Re8 13. Rfe1 Nf8 14. Bh2 Ng6 15. Nf1 Qc7 16. Kh1 Bf8 17. Kg1 Nd5 18. Qd2 Qd7 19. Be4 b5 20. Kh1 Rec8 21. Ng1 bxa4 22. Ne3 Nb6 23. Bxb7 Qxb7 24. Nf1 Nc4 25. Qe2 Qxb2 0-1

[Event "Blankenese op 2nd"]
[Site "Hamburg"]
[Date "2018.10.01"]
[Round "5.17"]
[White "Kolthoff, Siegmund"]
[Black "Knauer, Frank"]
[Result "1-0"]
[WhiteElo "2037"]
[BlackElo "1816"]
[PlyCount "75"]
[EventDate "2018.09.29"]
[EventType "swiss"]
[EventRounds "7"]
[EventCountry "GER"]
[SourceTitle "EXT 2020"]
[Source "ChessBase"]
[SourceDate "2019.10.17"]
[SourceVersion "1"]
[SourceVersionDate "2019.10.17"]
[SourceQuality "1"]

1. e4 d6 2. d4 Nf6 3. Nc3 g6 4. Nf3 Bg7 5. Be2 c6 6. a4 a5 7. 0-0 Nbd7 8. e5 Nd5 9. Nxd5 cxd5 10. exd6 exd6 11. Bf4 Qc7 12. c3 0-0 13. Re1 Nf6 14. Bd3 Bd7 15. Qb3 Bc6 16. Qa3 Rad8 17. b4 b6 18. Rac1 Qd7 19. Rb1 Ne4 20. h3 Rfe8 21. Be3 Rc8 22. Rec1 h6 23. bxa5 bxa5 24. Bb5 Rb8 25. Qb3 Rb6 26. Bxc6 Rxc6 27. Bd2 Rc4 28. Qb5 Qxb5 29. axb5 Rb8 30. Be1 a4 31. Rc2 Rb6 32. Ra2 Bf6 33. Nd2 Nxd2 34. Bxd2 h5 35. Kf1 Kg7 36. Ke2 Bd8 37. Kd3 Kf6 38. Bf4 1-0